000 02297nam a2200265 a 4500
001 000033623
003 DO-SdBNP
005 20250318152107.0
007 ta
008 110901s1892 es ac r 001 0 spa d
040 _aDO-SdBNP
_bspa
_cBNPHU
082 4 _a970.015
_bC947a
_222
100 1 _aCronau, Rodolfo
_d1855-1939
_959096
245 1 0 _aAmérica :
_bhistoria de su descubrimiento desde los tiempo primitivos hasta los más modernos /
_cRodolfo Cronau.
246 0 8 _aAmérica
260 _aBarcelona :
_bMontaner y Simón,
_c1892.
300 _a3 v. :
_bil., retrs. ;
_c24 cm.
500 _aIncluye referencias bibliográficas y notas al pie de las páginas
505 0 _aV.1.
_u De las materias que contienen este Tomo.
_tPrefacio.--
_tEl tiempo prehitórico de América.--
_tLos habitantes de América en el tiempo prehistórico.--
_tLos mound-builders.--
_tLos cliff dwellers (casa de peñascos) y los indios de Puebla
_tLos antiguos pueblos cultos de México y de la América Central.--
_tLos antiguos pueblos cultos de México y de la América del Sur.--
_tPresentimiento de la existencia de un mundo occidental arraigado en la antiguedad.--
_tViajes imaginario o verdaderos a América antes de Colón.--
_tViajes realizados por los escandinavos a Groenlandia y Finlandia.--
_tTradiciones de Hultramannalanndia.--
_tViaje de los hermanos NIcolás y Antonio Zeno a Frisia, Islandia, Groenlandia, Estotilandia e Icaria.--
_tIslas fabulosas del Océano Atlántico.--
_tCristóbal Colón y su proyecto de una travesía occidental a la India.--
_tGenealogía de la familia Colón.--
_tTravesía de Colón por el Océano y descubrimiento de América.--
_tEl diario de Colón durante su travesía por las Lucayas.--
_t¿Dónde está situada Guanahani?
_tProsigue Colón su viaje hacia Cuba y la Española.--
_tEl regreso.--
_tEl reparto de la tierra.--
_tSegundo viaje de colón.--
_tTercer viaje de Colón.--
_tÚltimo viaje de Colón.--
_tLos últimos años de la vida de Colón y su muerte.--
_tColón como hombre y como descubridor.--
_tLos restos de Colón.
590 _aInventariado, 2019/BT
651 4 _aAmérica --
_xDescubrimiento y exploración --
_xEspañoles
_9544
_vEnsayo, conferencias, etc.
651 4 _aAmérica
_xHistoria
_9865
910 _aValidado. Control de calidad MFF
942 _2ddc
_cLBS1
999 _c33114
_d33114